Multiple Choice City Quiz – Oakland - Statistics

General Stats
  • This quiz has been taken 84 times
  • The average score is 4 of 10
Answer Stats
Question Answer % Correct
What do you call someone from Oakland? Oaklander
86%
What year were the Oakland Raiders relocated to Las Vegas? 2020
58%
Around how many gnomes can you find in Oakland? 2,300
57%
Which company is not based in Oakland? General Dynamics
42%
What year was Oakland chosen to be the western terminus of the transcontinential railroad? 1889
33%
Which image shows the tallest building in Oakland, the Ordway Building?
31%
Who is the current acting mayor of Oakland? Kevin Jenkins
29%
Oakland is the second US city to legalize the use of psilocybin mushrooms. What was the first city to do so? Denver
24%
Oakland is friendship cities with several cities from China. How many of Oakland's 18 friendship cities are from China? 14
14%
Amelia Earhart's flight around the globe started in Oakland. Where was her next stop? Miami
10%
No matching quizzes found
Score Distribution
Percent of People with Each Score
Percentile by Number Answered
Your Score History
You have not taken this quiz